000 00966nam a22002537a 4500
005 2008100103143.0
008 081001t xxu||||| |||| 00| 0 eng d
010 _aENG-91094
020 _a9788184500844
_c980.00
035 _aEN-74627
037 _bDBAD / PUB
040 _adpl
_bEnglish
082 _a362.10954
100 _aKumar, R
245 _aChallenges of healthcare in India:
_beconomics and administration/
_cby R.Kumar; foreword by Devi Shetty
260 _aNew Delhi
_bDeep & Deep Publication
_c2008
300 _axxx, 314p.
_c20 cm(Hb)
500 _aInclude bibliographical references & index
650 _aPublic health
_zIndia
650 _aMedical care
_zIndia
650 _aHealth services accessibility
_zIndia
942 _2ddc
_cEN
_mKUM
_h362.10954
999 _c16126
_d16126